000 00580cam a2200205 a 4500
003 CO-ViMGA
005 20230915224040.0
008 030513r20011995ck r 00011 spa d
020 _a9580455627
040 _aCO-ViMGA
_bspa
_cCO-ViMGA
043 _as-ck---
082 0 4 _aCo863.44
_bR377d
100 1 _aRestrepo, Laura,
_d1950-
_911000
245 1 0 _aDulce compañía /
_cLaura Restrepo.
260 _aBogotá :
_bGrupo Editorial Norma,
_c1999.
300 _a211 p. ;
_c18 cm.
650 1 4 _aAngeles
_v Novela.
_92322
650 1 4 _aNovela colombiana.
_9588
942 _2ddc
_cBK
999 _c11215
_d11215